Países que terminam em -IA - Statistics

Estatísticas Gerais
  • Esse quiz foi jogado 151 vezes
    44 desde o último reset
  • A pontuação média é 34 de 52
Estatísticas das Respostas
País % Correto
Islândia
87%
Estônia
79%
Finlândia
79%
Lituânia
79%
Rússia
79%
Austrália
77%
Polônia
77%
Romênia
77%
Colômbia
74%
Croácia
74%
Eslováquia
74%
Etiópia
74%
Letônia
74%
Líbia
74%
Turquia
74%
Grécia
72%
Albânia
69%
Argélia
69%
Bolívia
69%
Eslovênia
69%
Zâmbia
69%
Jordânia
67%
Suécia
67%
Ucrânia
67%
Bulgária
64%
Indonésia
64%
Itália
64%
Malásia
64%
Mongólia
64%
Nova Zelândia
64%
Armênia
62%
Áustria
62%
Gâmbia
62%
Hungria
62%
Sérvia
62%
Síria
62%
Somália
62%
Tunísia
62%
Eritréia
59%
Índia
59%
Tailândia
59%
Namíbia
56%
Nigéria
56%
Geórgia
54%
Mauritânia
54%
Quênia
54%
Libéria
49%
Moldávia
49%
Tanzânia
46%
E. F. da Micronésia
44%
Bielorrússia
38%
Santa Lúcia
28%
Nenhum quiz correspondente encontrado
Distribuição das Pontuações
Porcentagem de Pessoas com Cada Pontuação
Percentil de Números Respondidos
Sua Pontuação Histórica
Você não jogou esse quiz desde o último reset